Sports Quiz

Random Sports or Football Quiz
Score 0/50 Timer 08:00
0 Plays Today
Week/Score/Conferences Team % Correct
Week 7/20-17/SEC Vs SECSouth Carolina Gamecocks Vs Georgia Bulldogs
89.4%
Week 9/41-21/SEC Vs SECTennessee Volunteers Vs South Carolina Gamecocks
82.1%
Week 9/45-14/Big Ten Vs IndependentMichigan Wolverines Vs Notre Dame Fighting Irish
77.8%
Week 4/30-23/Pac-12 Vs Pac-12Southern California Trojans Vs Utah Utes
77.7%
Week 5/24-7/SEC Vs SECSouth Carolina Gamecocks Vs Kentucky Wildcats
76.3%
Week 9/48-41/Big 12 Vs Big 12Kansas State Wildcats Vs Oklahoma Sooners
76.1%
Week 3/30-27/Pac-12 Vs IndependentBYU Cougars Vs Southern California Trojans
76%
Week 1/45-38/Mountain West Vs Pac-12Hawaii Rainbow Warriors Vs Arizona Wildcats
75.4%
Week 2/45-20/Pac-12 Vs Pac-12Southern California Trojans Vs Stanford Cardinal
73.1%
Week 8/24-23/Big Ten Vs Big TenIllinois Fighting Illini Vs Wisconsin Badgers
73%
Week 2/20-19/Pac-12 Vs Pac-12California Golden Bears Vs Washington Huskies
72%
Week 2/28-25/ACC Vs ACCNorth Carolina Tarheels Vs Miami Hurricanes
72%
Week 9/37-27/Big 12 Vs Big 12TCU Horned Frogs Vs Texas Longhorns
71.8%
Week 1/24-20/ACC Vs SECNorth Carolina Tar Heels Vs South Carolina Gamecocks
71.4%
Week 9/42-32/Pac-12 Vs Pac-12UCLA Bruins Vs Arizona State
70.9%
Week 2/29-26/SEC Vs Independent BYU Cougars Vs Tennessee Volunteers
70.3%
Week 4/67-63/Pac-12 Vs Pac-12UCLA Bruins Vs Washington State Cougars
69.7%
Week 6/23-13/Pac-12 Vs Pac-12Stanford Cardinal Vs Washington Huskies
68.2%
Week 8/34-16/Pac-12 Vs Pac-12UCLA Bruins Vs Stanford Cardinal
67.5%
Week 1/38-30/Sun Belt Vs SECGeorgia State Panthers Vs Tennessee Volunteers
67.4%
Week 2/12-7/Sun Belt Vs Big 12Coastal Carolina Chanticleers Vs Kansas Jayhawks
66.3%
Week 3/49-28/ACC Vs Big 12Kansas Jayhawks Vs Boston College Eagles
65.7%
Week 5/27-24/Pac-12 Vs Pac-12Arizona State Sun Devils Vs California Golden Bears
65.6%
Week 7/20-10/SEC Vs SECTennessee Volunteers Vs Mississippi State Bulldogs
65.2%
Week 3/10-7/Pac-12 Vs Big TenArizona State Sun Devils Vs Michigan State Spartans
65.1%
Week/Score/Conferences Team % Correct
Week 7/17-9/ACC Vs ACCMiami Hurricanes Vs Virginia Cavaliers
62.9%
Week 2/31-28/Mountain West Vs Pac-12Hawaii Rainbow Warriors Vs Oregon State Beavers
62.3%
Week 9/16-12/ACC Vs ACCMiami Hurricanes Vs Pittsburgh Panthers
61.5%
Week 1/34-31/Big Ten Vs Mountain WestNevada Wolfpack Vs Purdue Boilermakers
61.1%
Week 8/28-25/Mountain West Vs Mountain WestHawaii Rainbow Warriors Vs Boise State Broncos
61.1%
Week 2/34-31/Big Ten Vs Pac-12Colorado Buffaloes Vs Nebraska Cornhuskers
60.6%
Week 4/35-34/ACC Vs AACPittsburgh Panthers Vs UCF Knights
60%
Week 3/34-31/MAC Vs Big TenEastern Michigan Fighting EMUs Vs Illinois Fighting Illni
59.4%
Week 2/63-20/Big Ten Vs ACCMaryland Terrapins Vs Syracuse Orange
57.7%
Week 7/62-59/ACC Vs ACCLouisville Cardinals Vs Wake Forest Demon Deacons
56.1%
Week 3/30-23/Pac-12 Vs Mountain WestAir Force Falcons Vs Colorado Buffaloes
56%
Week 8/28-14/SEC Vs SECVanderbilt Commodores Vs Missouri Tigers
55.6%
Week 6/27-24/AAC Vs AACCincinnati Bearcats Vs UCF Knights
55.3%
Week 1/37-31/SEC Vs Mountain WestWyoming Cowboys Vs Missouri Tigers
54.9%
Week 3/20-17/AAC Vs Big Ten Temple Owls Vs Maryland Terrapins
54.9%
Week 6/45-35/Big 12 Vs Big 12Texas Tech Red Raiders Vs Oklahoma State Cowboys
54.5%
Week 3/27-24/ACC Vs SoConThe Citadel Bulldogs Vs Georgia Tech Yellow Jacket
53.1%
Week 9/34-27/Big 12 Vs Big 12Oklahoma State Cowboys Vs Iowa State Cyclones
51.3%
Week 5/31-13/ACC Vs ACCFlorida State Seminoles Vs NC State Wolfpack
50%
Week 7/30-28/AAC Vs AACTemple Owls Vs Memphis Tigers
47.7%
Week 9/44-34/Big Ten Vs IndependentRutgers Scarlet Knights Vs Liberty Flames
42.7%
Week 2/45-20/Independent Vs Missouri Valley Football ConferenceSouthern Illinois Salukis Vs UMass Minutemen
33.7%
Week 5/20-13/C-USA Vs C-USAWestern Kentucky Hilltoppers Vs UAB Blazers
30.6%
Week 1/35-28/C-USA Vs SouthlandCentral Arkansas Bears Vs Western Kentucky Hilltoppers
25.1%
Week 7/20-7/MAC Vs MACBowling Green State Falcons Vs Toledo Rockets
25%

You're not logged in!

Compare scores with friends on all Sporcle quizzes.
OR
Log In

Sporcle TV

Today on Sporcle TV


Watch our educational content, quiz creation guides, and fun videos on Sporcle TV.

Show Comments

Extras

Top Quizzes Today


Score Distribution

Paid Content

Your Account Isn't Verified!

In order to create a playlist on Sporcle, you need to verify the email address you used during registration. Go to your Sporcle Settings to finish the process.

Report this User

Report this user for behavior that violates our Community Guidelines.

Details: